LEADER 00499nas a2200157 i 4500 001 000000130547 003 CaOOAMICUS 005 20041111000000.0 008 041111b it uu u0 0ita r 013 $a103282 040 $aSeMil$bita 245 10$aTitolo mancante. 773 0 $tNuovo Cimento.$dBologna : Zanichelli, 1942-1971.$w()2554 850 $aSeMil 852 $aSeMil$W1$xVenegono$y1$m177 7 1-3$j84588$B84588$CSeMilBibl$Z2$F88150 $82 996 $6245$aTitolo mancante$9(OLS)http://semarc/title/46445 LEADER 00649nam a2200169 i 4500 001 000000245551 003 CaOOAMICUS 005 20151008000000.0 008 151008s1838 it u000 u ita u 013 $a224456 040 $aSeMil$bita 245 10$aTomo 2. 300 $a286 p. 773 0 $aMassini, Carlo $tSeconda raccolta di vite de' santi scritte da Carlo Massini della Congregazione dell'Oratorio di Roma ; con note.$dMilano : Tipografia Pogliani, 1836-1842.$g2$w()32633 850 $aSeMil 852 $aSeMil$W1$xVenegono$y1$m3H I 14 FA$j195897$B195897$CSeMilBibl$Z2$F206603 $8I 996 $6245$aTomo 2$9(OLS)http://semarc/title/49331 LEADER 01405nam a2200289 i 4500 001 000000034404 003 CaOOAMICUS 005 20250224164025.0 008 091126s1989 it u000 u spa u 020 $a88-7652-592-0 040 $aSeMil$bita 100 1 $aDíaz de Cerio, Franco,$c.$0(OLS)http://semarc/name/15777 245 10$aInstrucciones secretas a los nuncios de Espaņa en el siglo 19. :$b(1847-1907) /$cF. Diaz de Cerio, M.F. Nuņez y Muņoz. 264 1$aRoma :$bPontificia Universitā Gregoriana,$c1989. 300 $aXIII, 384 p. ;$c25 cm. 490 1 $aMiscellanea Historiae Pontificiae ;$v56 650 4$aSanta Sede - Relazioni con la Spagna.$0(OLS)http://semarc/subject/2803 650 4$aSpagna - Storia religiosa.$0(OLS)http://semarc/subject/1131 700 1 $aNuņez y Muņoz, M.F.$0(OLS)http://semarc/name/15778 830 0$aMiscellanea Historiae Pontificiae ;$v56.$0(OLS)http://semarc/title/24 850 $aSeMil 852 $aSeMil$W1$xVenegono$y1$m3TA M 56$j254698$B559$CSeMilBibl$Z2$F559 $81 961 $aAcquisto: Casa editrice 996 $6020$a88-7652-592-0$9(OLS)http://semarc/number/2147 996 $6245$aInstrucciones secretas a los nuncios de Espaņa en el siglo 19. :$b(1847-1907)$9(OLS)http://semarc/title/46531 996 $6264$aRoma :$bPontificia Universitā Gregoriana$9(OLS)http://semarc/publisher/29750 LEADER 01289nam a2200253 i 4500 001 000000190116 003 CaOOAMICUS 005 20180726000000.0 008 180726s1949 it u000 u lat u 013 $a168469 040 $aSeMil$bita 245 10$aOpuscula sancti patris Francisci Assisiensis /$csec. codices mss. emendata et denuo edita a PP. Collegii S. Bonaventurae. 250 $a3. Ed. 260 $aAd Claras Aquas (Quaracchi) :$bEx Typographia Collegii S. Bonaventurae,$c1949. 300 $aXVI, 209 p. ;$c16 cm. 490 0 $aBibliotheca franciscana ascetica Medii Aevi ;$v1. 600 04$aFrancesco : d'Assisi .$0(OLS)http://semarc/subject/1416 700 1 $aFrancesco : d'Assisi,$c.$0(OLS)http://semarc/name/18131 710 2 $aCollegio s. Bonaventura .$0(OLS)http://semarc/name/289 830 0$aBibliotheca franciscana ascetica Medii Aevi ;$v1.$0(OLS)http://semarc/title/19182 850 $aSeMil 852 $aSeMil$W1$xVenegono$y1$m2N III 701$j140745$B140745$CSeMilBibl$Z2$F152312 $81 996 $6245$aOpuscula sancti patris Francisci Assisiensis$9(OLS)http://semarc/title/104699 996 $6260$aAd Claras Aquas (Quaracchi) :$bEx Typographia Collegii S. Bonaventurae$9(OLS)http://semarc/publisher/37279 LEADER 01023nam a2200229 i 4500 001 000000199196 003 CaOOAMICUS 005 20110318000000.0 008 110318s1940 it u000 u ita u 013 $a177887 040 $aSeMil$bita 100 1 $aRavalico, Domenico Eugenio.$0(OLS)http://semarc/name/39913 245 13$aIl radio libro :$bdai primi elementi di radiotecnica ai pių recenti apparecchi radio /$cD. E. Ravalico. 250 $a5. edizione rifatta. 260 $aMilano :$bUlrico Hoepli,$c1940. 300 $aXX, 568 p. ;$c20 cm. 500 $aIn mezzo al front : 485 figure, 300 schemi completi di apparecchi radio, 29. tabelle. 650 4$aRadio.$0(OLS)http://semarc/subject/15359 850 $aSeMil 852 $aSeMil$W1$xVenegono$y1$m3X V 127$j149749$B149749$CSeMilBibl$Z2$F161116 $81 996 $6245$aIl radio libro :$bdai primi elementi di radiotecnica ai pių recenti apparecchi radio$9(OLS)http://semarc/title/288012 996 $6260$aMilano :$bUlrico Hoepli$9(OLS)http://semarc/publisher/29765 LEADER 01362nam a2200301 i 4500 001 000000123132 003 CaOOAMICUS 005 20040830000000.0 008 040830s2003 it u000 u mul u 013 $a95827 020 $a88-452-9245-2 040 $aSeMil$bita 100 1 $aPato?ka, Jan,$d<1907-1977>.$0(OLS)http://semarc/name/24446 245 10$aSocrate :$bLezioni di filosofia antica /$cJan Patocka ; Introduzione, apparati e bibliografia di Giuseppe Girgenti ; Traduzione di Martin Cajthaml. 260 $aMilano :$bBompiani,$c2003. 300 $a502 p. ;$c21 cm. 490 0 $aBompiani Testi a fronte ;$v78 500 $aContiene : Bibliografia. - In mezzo al front : Testo ceco a fronte. 600 04$aSocrate.$0(OLS)http://semarc/subject/3680 700 1 $aCajthaml, Martin.$0(OLS)http://semarc/name/45972 700 1 $aGirgenti, Giuseppe,$d<1967- >.$0(OLS)http://semarc/name/317 830 0$aBompiani. Testi a fronte ;$v78.$0(OLS)http://semarc/title/12808 850 $aSeMil 852 $aSeMil$W1$xVenegono$y1$m86 38 78 *$j77930$B77930$CSeMilBibl$Z2$F86902 $81 961 $aAcquisto: Āncora (Libreria) 996 $6020$a88-452-9245-2$9(OLS)http://semarc/number/108761 996 $6245$aSocrate :$bLezioni di filosofia antica$9(OLS)http://semarc/title/181204 996 $6260$aMilano :$bBompiani$9(OLS)http://semarc/publisher/29706 LEADER 01336nam a2200301 i 4500 001 000000080800 003 CaOOAMICUS 005 20180306000000.0 008 180306s2016 it u000 u ita u 013 $a53038 020 $a978-88-6944-576-7 040 $aSeMil$bita 100 0 $aFranciscus I,$c.$0(OLS)http://semarc/name/2737 245 13$aLa gioia della misericordia :$bil Vangelo di Luca letto dal Papa /$cFrancesco. 260 $aRoma :$bCastelvecchi,$c2016. 300 $a247 p. ;$c22 cm. 650 4$aBibbia. Nuovo Testamento. Vangelo secondo Luca - Meditazioni.$0(OLS)http://semarc/subject/1648 650 4$aFrancesco I - Scritti, discorsi, omelie, lettere pastorali, etc.$0(OLS)http://semarc/subject/44574 850 $aSeMil 852 $aSeMil$W1$xVenegono$y1$m2A V 368$j46181$B46181$CSeMilBibl$Z2$F48397 $81 900 1 $aBergoglio, Jorge Mario,$d<1936-2025>. 900 0 $aFrancesco I$c. 961 $aAcquisto: LdS 996 $6020$a978-88-6944-576-7$9(OLS)http://semarc/number/270865 996 $6245$aLa gioia della misericordia :$bil Vangelo di Luca letto dal Papa$9(OLS)http://semarc/title/404149 996 $6260$aRoma :$bCastelvecchi$9(OLS)http://semarc/publisher/36831